|
|
|
|
| LEADER |
02223nam a2200385 4500 |
| 001 |
ocn810416407 |
| 003 |
OCoLC |
| 005 |
20180501122002.0 |
| 006 |
m o d |
| 007 |
cr ||||||||||| |
| 008 |
120903s2012 ne a ob 001 0 eng d |
| 040 |
|
|
|a QCL
|b eng
|e rda
|e pn
|c QCL
|d OCLCO
|d CDX
|d OCLCQ
|d OPELS
|d UIU
|d OCLCF
|d EMU
|d OCLCQ
|d ITD
|d OCLCA
|d DEBBG
|d GrThAP
|
| 020 |
|
|
|a 9780123876874
|q (electronic bk.)
|
| 020 |
|
|
|a 0123876877
|q (electronic bk.)
|
| 035 |
|
|
|a (OCoLC)810416407
|
| 050 |
|
4 |
|a QH430
|
| 082 |
0 |
4 |
|a 576.5
|2 23
|
| 049 |
|
|
|a TEFA
|
| 245 |
0 |
0 |
|a Gene-environment interplay /
|c edited by Marla B. Sokolowski and Stephen F. Goodwin.
|
| 260 |
|
|
|a Amsterdam ;
|a Boston :
|b Elsevier/Academic Press,
|c 2012.
|
| 300 |
|
|
|a 1 online resource (x, 128 pages) :
|b illustrations (some color).
|
| 336 |
|
|
|a text
|b txt
|2 rdacontent
|
| 337 |
|
|
|a computer
|b c
|2 rdamedia
|
| 338 |
|
|
|a online resource
|b cr
|2 rdacarrier
|
| 490 |
1 |
|
|a Advances in genetics ;
|v v. 77
|
| 504 |
|
|
|a Includes bibliographical references and index.
|
| 505 |
0 |
|
|a Social influences on circadian rhythms and sleep in insects / Ada Eban-Rothschild and Guy Bloch -- Interplay between social experiences and the genome: Epigenetic consequences for behavior / Frances A. Champagne -- One, two, and many: A perspective on what groups of Drosophila melanogaster can tell us about social dynamics / Jonathan Schneider, Jade Atallah, and Joel D. Levine -- The circadian clock of the fly: A neurogenetics journey through time / Ozge Ozkaya and Ezio Rosato.
|
| 520 |
|
|
|a The field of genetics is rapidly evolving, and new medical breakthroughs are occurring as a result of advances in knowledge gained from genetics reasearch. This thematic volume of Advances in Genetics looks at Socio-Genetics. * Includes methods for testing with ethical, legal, and social implications * Critically analyzes future.
|
| 650 |
|
0 |
|a Behavior genetics.
|
| 650 |
|
7 |
|a Behavior genetics.
|2 fast
|0 (OCoLC)fst00829913
|
| 655 |
|
4 |
|a Electronic books.
|
| 700 |
1 |
|
|a Sokolowski, Marla B.,
|e editor.
|
| 700 |
1 |
|
|a Goodwin, Stephen F.,
|e editor.
|
| 830 |
|
0 |
|a Advances in genetics ;
|v v. 77.
|
| 856 |
4 |
0 |
|u https://www.sciencedirect.com/science/bookseries/00652660/77
|z Full Text via HEAL-Link
|